000 00473nam a2200169Ia 4500
008 151213s9999 xx 000 0 und d
020 _a978-019442281
082 _a418.0071
_b418.0071
100 _azoltan Dornyei
245 _aResearch Methods In Applied Linguistics
_czoltan Dornyei
260 _aOxford
_bOxford University Press
_c2007
300 _a11824 p.
650 _aEnglish Language
650 _aEnglish Language
700 _azoltan Dornyei
999 _c5054
_d5054